| 000 | 00458cam a22001331 4500 | ||
|---|---|---|---|
| 082 |
_a335.00942 _bDIL |
||
| 100 | 1 |
_aDilke, Charles Wentworth, _949324 |
|
| 245 | 1 | 0 |
_aImperial defence, _cby the Right Honourable Sir Charles Wentworth Dilke, bart. ... Spenser Wilkinson. |
| 260 |
_aLondon, _bMacmillan and co., _c1892. |
||
| 300 |
_a234 p. _bmaps _c20 cm. |
||
| 526 |
_a0 _b0 _c0 _d335_009420000000000_DIL |
||
| 700 | 1 |
_aWilkinson, Spenser, _949325 |
|
| 942 |
_2ddc _cBK |
||
| 999 |
_c552104 _d552104 |
||